000 00618nam a2200181Ia 4500
008 100920s9999 xx 000 0 und d
082 _b95270
_a--- न 06
100 _aशिंदे जगन्नाथ.
245 _aमुंबई बाँबस्फोट.
260 _bप्राजक्त प्रकाशन,पुणे.
_c2006
300 _a144
_bसाधी
365 _b135
520 _aकादंबरी.
630 _aमुंबई बाँबस्फोट.
650 _aकादंबरी.
730 _aमुंबई बाँबस्फोट.
942 _cBOOK
999 _c735712
_d735709